000 00403nam a2200169Ia 4500
008 220531s9999 xx 000 0 und d
041 _aeng
082 _bPEL
100 _aPelican Guide To English Literature
_937798
245 _aAge Of Shakespeare
260 _bpengain
_c2002
300 _a128
542 _d29-01-2002
650 _aEnglish
_937799
906 _d2001-2002
999 _c22950
_d22950